Quizzes
Events
Quiz Creation
Community
Videos
Private Events
Remove Ads
Sign In
Join for FREE
Feedback
Dark Mode
Quiz Categories
Sports
Geography
Music
Movies
Television
Just For Fun
Miscellaneous
History
Literature
Language
Science
Gaming
Entertainment
Religion
Holiday
For Kids
Quiz Lab
Recent
Popular Today
Quiz Kudos Today
Editor Picks
Curator Picks
Quizzes by...
Day
Popularity
Type
Ratings
Length
Year
Community
Subscriptions
Recent Discussions
Orange Saloon
Badges
Playlists
Quests
Create
Leaderboards
Showdown
Live 5
Trivia Bingo
Activity
Puzzle Library
Sporcle Events
Private Events
Virtual Trivia
Globe League
Become a Host
Pub Owners
SporcleCon
Opinionation
Our Games
Videos
Blog
Mobile Apps
Partnerships
Remove Ads and Go Orange
Feedback
Language
Vocabulary
Begins and Ends
Definition
Spanish
French
German
Italian
Chinese
Latin
Translation
Japanese
Language
Vocabulary
Begins and Ends
Definition
Spanish
French
German
Italian
Chinese
Latin
Translation
Japanese
Random Quiz
Search Sporcle
×
Quiz Lab
Quiz Lab
Language
household
Type in answers that appear in a list
Type in answers that appear in a list
Classic
Best Score? Go Orange.
Household Rooms and Items in Swedish Stats
Can you name the Household Items in Swedish?
By
pizzacity2012sp
4m
23 Questions
47 Plays
47 Plays
47 Plays
Comments
Comments
Give Quiz Kudos
Give Quiz Kudos
-
- Ratings
hide this ad
Random Order
Randomize order of answers
Randomize order of answers
Replay
Link that replays current quiz
Next Quiz
Link to next quiz in quiz playlist
You Got
0%
They Got
Avg Score
75%
Avg Friend Score
Upgrade to see
Score Distribution
Jump to the score distribution portion of the page
Score
0/23
Timer
04:00
0
Plays Today
Swedish
English
% Correct
Stol
Chair
97.9%
Lampa
Lamp
97.9%
Glas
Glass
95.7%
Kniv
Knife
95.7%
Hus
House
93.6%
Papper
Paper
93.6%
Badrum
Bathroom
91.5%
Penna
Pen
91.5%
Rum
Room
89.4%
Bord
Table
89.4%
Säng
Bed
85.1%
Kök
Kitchen
83%
Swedish
English
% Correct
Gaffel
Fork
68.1%
Möbler
Furniture
66%
Brev
Letter
66%
Kopp
Cup
63.8%
Skrivbord
Desk
63.8%
Golv
Floor
57.4%
Karta
Map
53.2%
Blyertspenna
Pencil
51.1%
Matta
Rug
51.1%
Tak
Roof
46.8%
Anteckningsbok
Notebook
36.2%
Quiz Playlist
Details
Report
Send in Message
Add To Playlist
Classic:
Type in answers that appear in a list
Random Order:
Randomize order of answers
Last Updated: Feb 16, 2017
Quiz Scoreboard
CHALLENGE
Sign Up to Join the Scoreboard
Show All
Scores
Hide
Comments
May contain spoilers
Recently Published
9x9 Crossword: Cartoon Network
by jackfrog10
Miscellaneous
3m
College Basketball Coaching Resumes
by pancakes188
Sports
9m
Billboard Blitz: Fleetwood Mac
by CooCooCachoo
Music
15s
More to Explore
Quiz From the Vault
Featured Blog Post
Where Did the Easter Bunny Come From?
hide this ad
You Might Also Like...
Tags
English
household
item
room
Swedish
Today's Top Quizzes in Language
Browse Language
hide this ad
Today's Top Quizzes in household
Browse household
Top Contributed Quizzes in Language
1
1-10 Letter F Words III
2
1-10 Letter G Words III
3
1-10 Letter H Words III
4
Alphabetize! : 'As' words
5
Celtic Nations in their Language
6
1-10 Letter I Words III
7
One Thing in Common: Italy
8
Order Up: Top 10 Most Native Spoken Languages
9
1-10 Letter J Words III
10
Weisst du, aus welchen Sprachen diese Wörter stammen?
Explore More
Trending Topics
Harry Potter
Marvel
Disney
Kpop
Anime
Crossword
NBA
The Office
Country
Puzzle
Song
NFL
WWE
Soccer
Pokémon
hide this ad
More By:
pizzacity2012sp
Quiz
Plays
Rating
Category
Featured
Created
Animals in Swedish
66
4.00
Language
Apr 22, 2013
Foods in Swedish
55
Language
Apr 22, 2013
Household Rooms and Items in Swedish
47
2.00
Language
Apr 22, 2013
Clothing in Swedish
46
Language
Apr 22, 2013
Family Members in Swedish
32
Language
Apr 22, 2013
Go to Creator's Profile
Score Distribution
Quiz Creator Spotlight
pizzacity2012sp
Follow
Send a Message
Quizzes Created
-
Created Quiz Play Count
-
More By This Creator
Popular Quizzes Today
1
Find the US States - No Outlines Minefield
2
Find the Countries of Europe - No Outlines Minefield
3
The Countries of the World
4
Find the US States
5
Risky Map Clicking: Biggest States A-Z
6
US States
7
Popular People in 1961
8
Movies - When Are They Set?
More Language Quizzes
Get The Picture: Black or White Language
Quiz Lab
Trending Quizzes
Risky Map Clicking: Least Populous States A-Z
1-10 Letter G Words
Risky Map Clicking: Next State Alphabetically
Adjectives in 80s TV Shows
The Seven Year Switch: Catherine
Recently Updated
Leaping Animals
pecheneg
Reality TV Shows (A-Z)
bhenderson79
Rickey Henderson's Hall of Fame Teammates
pecheneg
Champions League XIs: Arsenal
pecheneg
Quick Pick: Celebrities in WWE's Hall of Fame
aduchscher
A-Z Keypad Blitz II
pecheneg
Multiple Oscar Actors
pecheneg
Mystery Phrase Blitz: Oscar 'Best Actors'
pecheneg
F. Scott Fitzgerald Novels
LTH
Pick 3 Villains
ddd62291
Trending Topics
Crossword
Disney
Kpop
Marvel
Harry Potter
NBA
Anime
Song
Pokémon
Country
Soccer
WWE
The Office
NFL
Puzzle
Your Account Isn't Verified!
In order to create a playlist on Sporcle, you need to verify the email address you used during registration. Go to your
Sporcle Settings
to finish the process.
Report this User
Report this user for behavior that violates our
Community Guidelines
.
Details:
Send Report
Go to the Sporcle.com Mobile Site →
Comments